Paroles L'Internationale - Statistiques

Statistiques générales
  • Ce quiz a été pris 784 fois
  • Le résultat moyen est 169 sur 314
Statistiques - réponses
Paroles % Correct
l'
96%
L'
96%
s'
92%
S'
92%
a
91%
À
91%
d'
91%
de
90%
Internationale
89%
la
89%
La
89%
C'
88%
est
88%
Le
88%
le
88%
n'
87%
fin
85%
finale
84%
lutte
84%
se
84%
et
83%
humain
83%
Nous
83%
nous
83%
nous-
83%
sera
83%
demain
82%
genre
82%
les
82%
Les
82%
terre
76%
Debout
75%
debout
75%
damnés
73%
faim
72%
pas
71%
Pas
71%
forçats
70%
en
69%
En
69%
Groupons-
69%
Il
68%
il
68%
ne
67%
Ce
66%
Du
65%
du
65%
65%
son
65%
tout
64%
sommes
62%
ces
61%
monde
60%
Ni
60%
ni
60%
cratère
59%
éruption
59%
passé
59%
raison
59%
rase
59%
rien
59%
table
59%
faisons
58%
soyons
58%
qu'
57%
va
56%
changer
54%
des
54%
dieu
54%
tonne
54%
esclave
53%
César
51%
Foule
50%
tribun
50%
au
49%
Pour
48%
pour
48%
base
47%
mêmes
46%
que
46%
Que
46%
un
45%
Un
45%
travail
44%
suprêmes
43%
commun
42%
sauveurs
42%
aux
41%
sauvons-
41%
Battons
40%
chaud
40%
fer
40%
hommes
40%
salut
40%
appartient
38%
notre
38%
travailleurs
38%
grand
37%
Décrétons
36%
quand
36%
esprit
35%
Ouvriers
35%
parti
35%
rende
35%
cachot
34%
forge
34%
voleur
34%
Producteurs
33%
ailleurs
32%
gorge
32%
ira
32%
oisif
31%
on
31%
Paysans
31%
Soufflons
31%
loger
30%
Mais
29%
nos
29%
si
29%
toujours
29%
ils
28%
Ils
28%
elle
27%
tirer
27%
leur
26%
loi
26%
soleil
26%
brillera
25%
matins
24%
disparaissent
23%
peuple
23%
sans
23%
vautours
23%
corbeaux
22%
dans
22%
Dans
22%
droit
22%
pauvre
22%
devoir
21%
État
21%
impôt
21%
malheureux
21%
riche
21%
triche
21%
creux
20%
mot
20%
saigne
20%
veut
20%
autre
19%
rois
19%
Sont
19%
guerre
18%
lui
18%
devoirs
17%
dit-
17%
droits
17%
fait
17%
impose
17%
mine
17%
Nul
17%
Ont-
17%
assez
16%
autres
16%
égalité
16%
faire
16%
jamais
16%
lois
16%
rail
16%
repaissent
16%
balles
15%
chairs
15%
languir
15%
Paix
15%
tutelle
15%
Combien
14%
entre
14%
généraux
14%
propres
14%
cannibales
13%
chose
13%
héros
13%
opprime
13%
tyrans
13%
apothéose
12%
bande
12%
bientôt
12%
coffres-forts
12%
Égaux
12%
grève
12%
Hideux
12%
obstinent
12%
sauront
12%
air
11%
armées
11%
Crosse
11%
dévaliser
11%
fondu
11%
fumées
11%
rangs
11%
créé
10%
décrétant
10%
rompons
10%
Appliquons
9%
saoulaient
9%
Aucun quiz correspondant
Distribution des résultats
% des personnes avec chaque résultat
Percentile par nombre de réponses
Votre historique - résultats
Vous n’avez pas pris ce quiz